Statistiche per Ministro dell'interno

Clicka qui per fare il quiz!

Statistiche generali

  • Questo quiz è stato fatto 26 volte
  • Il punteggio medio è 14 su 38

Statistiche sulle risposte

AnniMinistro dell'interno% Corretto
2018-2019Salvini
100%
2019-Lamorgese
85%
2013-2016Alfano
70%
2016-2018Minniti
70%
2006-2008Amato
65%
1954-1954Andreotti
65%
1987-1988Fanfani
65%
1953-1954Fanfani
65%
1994-1995Maroni
65%
2008-2011Maroni
65%
1996-1998Napolitano
60%
1976-1978Cossiga
50%
1963-1963Rumor
50%
1972-1973Rumor
50%
2011-2013Cancellieri
40%
2002-2006Pisanu
40%
1954-1955Scelba
40%
1960-1962Scelba
40%
1947-1953Scelba
40%
1959-1960Segni
40%
1946-1947De Gasperi
35%
2001-2002Scajola
30%
1983-1987Scalfaro
30%
1955-1959Tambroni
25%
1988-1990Gava
20%
1998-1999Iervolino
15%
1992-1994Mancino
15%
1990-1992Scotti
15%
1999-2001Bianco
10%
1995-1995Brancaccio
10%
1995-1996Coronas
10%
1973-1974Taviani
10%
1963-1968Taviani
10%
1962-1963Taviani
10%
1974-1976Gui
5%
1968-1972Restivo
5%
1978-1983Rognoni
5%
1960-1960Spataro
5%

Distribuzione punteggi

Percentile per numero di risposta

Percentuale di utenti per punteggio

I tuoi punteggi nel tempo

Non hai fatto questo quiz